| 000 | 00000nam##2200000za#4500 |
| 001 | 9.613912 |
| 003 | CaOODSP |
| 005 | 20210929082757 |
| 007 | ta |
| 008 | 150406|1997||||xxc||||| f|0| 0 eng|d |
| 020 | |a0-662-25885-1 |
| 040 | |aCaOODSP|beng |
| 043 | |an-cn--- |
| 086 | 1 |aFo29-6/81-1997E |
| 110 | 1 |aCanada. |bNatural Resources Canada. |bCanadian Forest Service. |
| 245 | 10|aOak leaf phylloxera / |cby R. W. Duncan. |
| 260 | |aVictoria - British Columbia : |bNatural Resources Canada. |c1997. |
| 300 | |a8p. : |billus. ; |c28 cm. |
| 490 | 1 |aForest pest leaflet|v81 |
| 590 | |a97-32|b1997-08-08 |
| 720 | 1 |aDuncan, R. W. |
| 776 | 0#|tOak leaf phylloxera / |w(CaOODSP)9.573511 |
| 830 | #0|aForest pest leaflet ;|v81|w(CaOODSP)9.514653 |